| 000 | 00792 a2200253 4500 | ||
|---|---|---|---|
| 001 | 200419287 | ||
| 999 |
_c200419287 _d16765 |
||
| 003 | TR-AnTOB | ||
| 005 | 20200604115156.0 | ||
| 008 | 140407s tu 000 0 | ||
| 040 |
_aTR-AnTOB _btur _erda |
||
| 041 | 0 | _aeng | |
| 050 | 0 | 0 |
_aG156.5.S66 _bI58 2013 |
| 090 | _aG156.5.S66 I58 2013 | ||
| 245 | 0 |
_aİstanbul 2020 candidate city : _cİstanbul Büyükşehir Belediyesi Olimpiyat Komitesi. |
|
| 246 | 1 | 3 | _aImaine games in istanbul |
| 264 |
_aİstanbul: _bİstanbul Büyükşehir Belediyesi Olimpiyat Komitesi, _c2013 |
||
| 300 |
_a312 sayfa : _btablo, grafik ; _c19,5 cm. |
||
| 336 |
_atext _2rdacontent |
||
| 337 |
_aunmediated _2rdamedia |
||
| 338 |
_avolume _2rdacarrier |
||
| 650 | 0 | 0 |
_aSports and tourism _997613 |
| 650 | 0 | 7 |
_aSpor ve turizm _2etuturkob _997614 |
| 942 | _cBK | ||